000 00369nam a22001697a 4500
005 20260402101948.0
008 160629b xxu||||| |||| 00| 0 eng d
020 _a81-297-0570-2
041 _aeng
082 _b658.8
100 _aAsacker, Tom
_92187
245 _aSandBox Wisdom
260 _bPearson
_c2004
300 _a121
650 _aManagement
942 _cBK
999 _c4764
_d4762